Statistiques concernant Culture Générale - Série 1845

Cliquez ici pour prendre le quiz!

Statistiques générales

  • Ce quiz a été pris 118 fois
  • Le résultat moyen est 3 sur 10

Statistiques - réponses

QuestionRéponse% Correct
Quelle planète est située entre Mars et Vénus ?Terre
81%
Qui le Général De Gaulle a-t-il remplacé en 1959 à la présidence de la République ?René Coty
65%
En 1925, comment se prénommait celle dont Maurice Chevalier chantait "les petits petons" ?Valentine
55%
En Afrique du Nord,comment appelle-t-on le dromadaire de selle très rapide, dressé pour les courses ?méhari
40%
Dans quelle ville française du département de la Drôme trouve-t-on "le musée international de la chaussure" ?Romans-sur-Isère ?
22%
Comment appelle-t-on la plate-forme intermédiaire dans les mâts des navires ?hune
17%
A quel peintre doit-on le tableau "La Belle Ferronnière" exposé au musée du Louvre ?Léonard de Vinci
8%
Quelle rivière arrose la ville de Nemours en Seine-et-Marne ?Loing
6%
Quelle rivière, affluent du Danube, arrose Belgrade ?Save
6%
Ce jeu de cartes pratiqué dans l'ouest de la France s'appelle aussi "le jeu de la vache" ou "la vache"aluette
2%

Distribution des résultats

Percentile par nombre de réponses

% des personnes avec chaque résultat

Votre développement - résultats

Vous n’avez pas pris ce quiz